Register of theses in social anthropology accepted for higher degrees at British Universities : 1975-1980

Αποθηκεύτηκε σε:
Λεπτομέρειες βιβλιογραφικής εγγραφής
Συλλογικό Έργο: Royal Anthropological Institute of Great Britain and Ireland, Social Science Research Council
Μορφή: Βιβλίο
Γλώσσα:English
Δημοσίευση: London : Social Science Research Council, Social Anthropology Committee , 1983
Θέματα:
Ετικέτες: Προσθήκη ετικέτας
Δεν υπάρχουν, Καταχωρήστε ετικέτα πρώτοι!

MARC

LEADER 00000cam a2200000 i 4500
001 1/7401
008 960805s1983 eng d
035 |l 10016691 
040 |a GR-MY-UA  |b gre  |e aacr 
041 0 |a eng 
082 0 |a 306 
110 2 |a Royal Anthropological Institute of Great Britain and Ireland. 
245 1 0 |a Register of theses in social anthropology accepted for higher degrees at British Universities :  |b 1975-1980 /  |c Royal Anthropological Institute; Social Science Research Council 
260 |a London :   |b Social Science Research Council, Social Anthropology Committee ,   |c 1983 
300 |a xxxix, 425 p. 
504 |a Index: viii-xxxiii 
650 0 0 |a Ethnology. 
710 2 |a Social Science Research Council. 
852 |a INST  |b LESVOS  |e 19960805  |h 306 ROY  |p 005100009290  |q 005100009290  |t BK  |y 0 
909 |a Λ  |b 034405 
970 |z 2000/06/ΟΙΚΟΝΟΜΟΠΟΥΛΟΥ ΧΡΙΣΤΙΝΑ